Directory of Industrial Enterprises and Products in Tanzania 1981 (Record no. 13753)
[ view plain ]
| 000 -LEADER | |
|---|---|
| fixed length control field | 00331nam a22001097a 4500 |
| 020 ## - INTERNATIONAL STANDARD BOOK NUMBER | |
| International Standard Book Number | XXXXXXXXXX |
| 082 ## - DEWEY DECIMAL CLASSIFICATION NUMBER | |
| Classification number | REF 382.09678 DIR |
| 245 ## - TITLE STATEMENT | |
| Title | Directory of Industrial Enterprises and Products in Tanzania 1981 |
| 260 ## - PUBLICATION, DISTRIBUTION, ETC. | |
| Place of publication, distribution, etc. | Dar es Salaam |
| Name of publisher, distributor, etc. | Tanzania Industrial Studies and Consulting organisation |
| Date of publication, distribution, etc. | 1981 |
| 300 ## - PHYSICAL DESCRIPTION | |
| Extent | 196p |
| 942 ## - ADDED ENTRY ELEMENTS (KOHA) | |
| Koha item type | Books |
| Withdrawn status | Lost status | Damaged status | Not for loan | Collection code | Home library | Current library | Shelving location | Date acquired | Total Checkouts | Full call number | Barcode | Date last seen | Price effective from | Koha item type |
|---|---|---|---|---|---|---|---|---|---|---|---|---|---|---|
| Reference | IFM Main Campus Library | IFM Main Campus Library | Archival Collection | 11/10/2015 | REF 382.09678 DIR | 0000012265 | 11/10/2015 | 02/19/2022 | Reference |
